000
00215nam a2200097Ia 4500
008
190216s9999||||xx |||||||||||||| ||und||
100
_a
Arnold Togin
245
0
_a
Servicing The Future
260
_b
Null
942
_c
BK
999
_c
13478
_d
13478